000 01052nam a2200277Ia 4500
003 OSt
005 20221005111151.0
006 a|||||r|||| 00| 0
007 ta
008 221004b |||||||| |||| 00| 0 hin d
020 _c150
024 _a94806
037 _b561, 23/03/2009, Vani Prakashan
_cTextual
040 _aCRL
_cCRL
_bhin
041 _2hin
_ahin
082 _aV41y7M93, 152N4
100 _aमाओत्से - तुंग
245 0 _aकला, साहित्य और संस्कृति
246 _aKalā, sāhitya aur sanskṛuti
260 _aनई दिल्ली
_bवाणी प्रकाशन भारत
_c1994
300 _a160पृ0
_ccm.
650 _aविश्व-इतिहास
700 _a मिश्र, शिवकुमार, संपा.
942 _hV41y7M93, 152N4
_cTEXL
_2cc
999 _c1021016
_d1021016